Statistics for Top 10 Oceanic countries by area

Click here to take the quiz!

General Stats

  • This quiz has been taken 41 times
  • The average score is 8 of 10

Answer Stats

sqmilesAnswer% Correct
7692024Australia
100%
270467New Zealand
97%
18274Fiji
92%
462840Papua New Guinea
85%
28896Solomon Islands
85%
747Tonga
82%
811Kiribati
79%
12189Vanuatu
77%
2831Samoa
72%
420540Indonesia
51%

Score Distribution

Percentile by Number Answered

Percent of People with Each Score

Your Score History

You have not taken this quiz